000 00329 a2200157 4500
001 60950
020 _a9788532257604
040 _cAnchieta - Pituba
100 _aBoulos Júnior, Alfredo
240 1 0 _aHistória
_lpor
245 1 0 _aHistória
300 _a288
362 0 _a2009
650 4 _aHistória do mundo
942 _cBK
999 _c60950
_d60950